LDR 00876nam a2200205 i 4500 001 000000142694 003 CaOOAMICUS 005 20260326140835.0 008 050909s1934 it u000 u lat u 013 $a118050 040 $aSeMil$bita 245 10$aIn epistolas :$b1. et 2. ad Timotheum, ad Titum, ad Philemonem et ad Hebraeos. 250 $aEditio 2. streotypa 300 $a605 p. 773 0 $aCornelius : a Lapide
$tCommentaria in omnes Sancti Pauli Epistolas.$dTaurini ; Romae : Marietti a. 1820 condita, 1930-1934.$g3$w()14193 850 $aSeMil 852 $aSeMil$W1$xVenegono$y1$m2VV VII 35$j269123$B95845$CSeMilBibl$Z2$F102722 $81 961 $aRecupero: Biblioteca Seminario Seveso (fino al 1985) 996 $6245$aIn epistolas :$b1. et 2. ad Timotheum, ad Titum, ad Philemonem et ad Hebraeos$9(OLS)http://semarc/title/208746